Регионална библиотека "Любен Каравелов" - Русе

Леополд и златната рибка (Запис номер 169928)

MARC детайли
000 -Лидер
Контролно поле с фиксирана дължина 01387nam a2200325 c 4500
003 - Код на организацията, давaща контролен номер
Контролно поле BLK
005 - Дата и час на последна редакция
Контролно поле 20180420235244.0
008 - Елементи от данни с фиксирана дължина
fixed length control field 180411b bul|||||r ||||||| ||bul||
010 ## - Наследен системен номер
LC control number KNG00177993000
040 ## - Източник на каталожния запис
Идентификатор на билиотеката - собственик на записа BLK
041 ## - Код за език
Код за езика на текст/звукозапис или на отделно заглавие Български
Код за езика КДБФ Български
080 ## - УДК
Текстов определител УДК Руска литература
УДК код - определител по УДК 821.161.1
УДК определител -93-34
УДК - код + определител 821.161.1-93-34
139 ## - Редно поле
Редна дума Хайт, Аркадий Йосифович
Авторски знак Хаин - Х 21
245 10 - Сведения за заглавието
Заглавие Леополд и златната рибка
Редно поле (дума) текст Аркадий Йосифович Хайт; худож. Анатолий Израилевич Резников; прев. от рус. В. А. Сичев.
257 ## - Страна на издаване
Страна на създаване/издаване СССР
260 ## - Област на издателските данни
-- Б. м.
Име на издателя, разпространителя и проч. Всесъюзно бюро за пропаганда на киноизкуството
Година на издаване 1984
300 ## - Физическа характеристика
Страници 19 с.
Размери/Мащаб 14 см
380 ## - Жанр
Жанр Детска худож. лит.
500 ## - Общи забележки
Забележка Ориг. заглавие: Леопольд и золотая рыбка. - Филм-приказка
653 ## - Ключова дума – ненормативна
Ключова дума филми
653 ## - Ключова дума – ненормативна
Ключова дума приказки
700 1# - Други автори (авторска отговорност)
Лично име Хайт, Аркадий Йосифович
Автороска отговорност (Описва отношението между автора и произведението) текст
9 (RLIN) 329940
700 1# - Други автори (авторска отговорност)
Лично име Резников, Анатолий Израилевич
Автороска отговорност (Описва отношението между автора и произведението) худож.
9 (RLIN) 329941
700 1# - Други автори (авторска отговорност)
Лично име Сичев, В. А.
Автороска отговорност (Описва отношението между автора и произведението) прев. от рус.
9 (RLIN) 120875
852 ## - Местоположение
Форматна сигнатура Цб І 36606
856 4# - Електронен адрес и достъп
Електронен формат pdf - файл
Път до файла /url/
856 4# - Електронен адрес и достъп
Електронен формат pdf - файл
Път до файла /url/
942 ## - АРТИКУЛИ
Вид на библиотечния материал Книги
Скрит в OPAC Не
944 ## - СЪЗДАВАНЕ И РЕДАКЦИЯ на ЗАПИСА
Създаване/Редакция Създаване
Дата на регистрацията/редакция 06.12.2013
Служител, извършил регистрацията/редакцията Теодора_Стоянова
944 ## - СЪЗДАВАНЕ И РЕДАКЦИЯ на ЗАПИСА
Създаване/Редакция Редакция
Дата на регистрацията/редакция 12.10.2015
Служител, извършил регистрацията/редакцията Кети_Илиева
999 ## - СИСТЕМНИ КОНТРОЛНИ НОМЕРА
Koha biblionumber 169928
Koha biblioitemnumber 169928
Наличности
Код за отписване Код за изгубен артикул Източник на класификационната схема Код за повреда Коз за рестрикции Код за отдаване Артикулен № Име на библиотеката - собственик Име на библиотеката, в която се намира в момента Статус (Текущо местоположение) Дата на вписване в системата Местоположение - отдел Цена в лева Инвентарен номер Систематично азбучна сигнатура Баркод Номер на екземпляра Цена в евро Служебна бележка Служебен тип на артикула
Изтеглен Не е изгубен Universal Decimal Classification Не е повреден без рестрикции заемане за дома 287409 Регионална библиотека "Любен Каравелов" Русе Регионална библиотека "Любен Каравелов" Русе Детски отдел 1984-01-01 Детски отдел 0.20 422340 ДХ 820/899/ Х 21 422340 1 0.10 Дост: Pk Вид: Сф Дата: 01.01.1984 Дата инв: 18.09.2015 Бележки инв: Д2015 Книги
Изтеглен Не е изгубен Universal Decimal Classification Не е повреден без рестрикции заемане за дома 287410 Регионална библиотека "Любен Каравелов" Русе Регионална библиотека "Любен Каравелов" Русе Детски отдел 1984-01-01 Детски отдел 0.20 422345 ДХ 820/899/ Х 21 422345 2 0.10 Дост: Pk Вид: Сф Дата: 01.01.1984 Дата инв: 12.10.2015 Бележки инв: Д2015 Книги
  Не е изгубен   Не е повреден без рестрикции ползва се в читалня 287411 Регионална библиотека "Любен Каравелов" Русе Регионална библиотека "Любен Каравелов" Русе Хранилище 1984-01-01 Основен фонд - ползва се само за читалня 0.20 422347 Цб І 36606 422347 3 0.10 Дост: Pk Вид: Сф Дата: 01.01.1984 Книги
Vip Innovations Ltd, Rousse, Bulgaria 2025